Every NBA Team's Greatest Head Coach Ever - Statistics

General Stats
  • This quiz has been taken 23 times
  • The average score is 18 of 30
Answer Stats
Team Years Coached Name % Correct
Bulls 1989-1998 Phil Jackson
100%
Lakers 1999-2004, 2005-2011 Phil Jackson
100%
Warriors 2014-Present Steve Kerr
95%
Spurs 1996-2025 Gregg Popovich
90%
Heat 2008-Present Erik Spoelstra
86%
Mavericks 2008-2021 Rick Carlisle
81%
Pistons 1983-1992 Chuck Daly
76%
Clippers/Braves 2013-2020 Doc Rivers
76%
Hawks 1993-2000 Lenny Wilkens
76%
Cavaliers 1986-1993 Lenny Wilkens
76%
Thunder/SuperSonics 1969-1972, 1977-1985 Lenny Wilkens
76%
Celtics 1950-1966 Red Auerbach
76%
Rockets 1992-2003 Rudy Tomjanovich
76%
Jazz 1988-2011 Jerry Sloan
67%
Bucks 2018-2023 Mike Budenholzer
67%
Nuggets 2015-2025 Mike Malone
67%
Raptors 2018-2023 Nick Nurse
62%
Timberwolves 1995-2005, 2014-2015 Flip Saunders
52%
76ers/Nationals 1977-1985 Billy Cunningham
48%
Nets 2000-2004 Byron Scott
43%
Pelicans/Hornets 2004-2009 Byron Scott
43%
Suns 1992-1996 Paul Westphal
43%
Kings/Royals 1998-2006 Rick Adelman
43%
Magic 2007-2012 Stan Van Gundy
43%
Knicks 1967-1977, 1978-1982 Red Holzman
29%
Wizards 1966-1973, 1980-1986 Gene Shue
19%
Pacers 1968-1980 Bobby Leonard
14%
Trail Blazers 1976-1986 Jack Ramsay
14%
Grizzlies 1999-2000, 2004, 2009-2013 Lionel Hollins
14%
Hortnets/Bobcats 2013-2018, 2022-2024 Steve Clifford
5%
No matching quizzes found
Score Distribution
Percent of People with Each Score
Percentile by Number Answered
Your Score History
You have not taken this quiz